000 00951nam a22002537a 4500
001 2137
005 20231107123714.0
020 _a9781406367409
040 _aFISKH
_beng
_cFISKH
_dFISKH
050 _aPZ7
082 _a823.914
100 _aJames, Simon
245 _aDear Greenpeace /
_cSimon James Plymouth 24.12.61. Devon The enchanting environmental classic
250 _aThis edition published 2016
260 _aLondon :
_bWalker Books,
_c1991
300 _a24 unnumbered pages :
_c24x24 cm
505 _aK
520 _aTold entirely in letter form, the text of this picture book is the correspondence between a small girl called Emily and the conservation organization Greenpeace, about a whale that she says lives in her garden pond. This large format book is intended for classroom use in the literacy hour.
521 _a590
_bLexile
521 _aK
_bRaz-Plus
650 _aImagination
650 _aWhale
942 _2ddc
_cBK
_n0
999 _c2137
_d2137